[Event "Ballarat Begonia Open"]
[Site "BallaratTechSchool"]
[Date "2020.03.09"]
[Round "7.7"]
[White "Puccini, Jack"]
[Black "Fikh, Anthony"]
[Result "1-0"]
[WhiteElo "2287"]
[BlackElo "1909"]
[PlyCount "73"]
[EventDate "2020.03.??"]
[EventType "swiss"]
[EventRounds "7"]
[EventCountry "AUS"]
[SourceVersionDate "2020.03.07"]

1. e4 c6 2. d4 d5 3. Nd2 dxe4 4. Nxe4 Nf6 5. Nxf6+ gxf6 6. Nf3 Bf5 7. Bd3 Bg6
8. O-O e6 9. Re1 Bd6 10. c4 O-O 11. b3 Nd7 12. Bb2 Qc7 13. Qc2 Rfe8 14. g3 c5
15. d5 exd5 16. cxd5 Ne5 17. Bxe5 fxe5 18. Nh4 Qe7 19. Nf5 Qf6 20. Be4 Kh8 21.
a4 Rg8 22. a5 Bxf5 23. Bxf5 h6 24. Be4 Rg5 25. Re3 Rd8 26. Rf3 Qg7 27. Ra4 Rf8
28. Bf5 Re8 29. h4 e4 30. Rxe4 Qa1+ 31. Kg2 Rxe4 32. Qxe4 Rg8 33. Bc8 Qb2 34.
Bxb7 Qd4 35. Qf5 Qxh4 36. Qxf7 Qg5 37. Qf6+ 1-0

[Event "Ballarat Begonia Open"]
[Site "BallaratTechSchool"]
[Date "2020.03.09"]
[Round "7.11"]
[White "Lam, Ross"]
[Black "Morris, Byron"]
[Result "1-0"]
[WhiteElo "2054"]
[BlackElo "1793"]
[PlyCount "58"]
[EventDate "2020.03.??"]
[EventType "swiss"]
[EventRounds "7"]
[EventCountry "AUS"]
[SourceVersionDate "2020.03.07"]

1. d4 d6 2. c4 e5 3. e3 g6 4. Nc3 Nd7 5. Nf3 Bg7 6. Be2 f5 7. e4 Ne7 8. exf5
Nxf5 9. Bg5 Bf6 10. Bxf6 Qxf6 11. Nd5 Qd8 12. dxe5 dxe5 13. O-O c6 14. Nc3 Qc7
15. Re1 O-O 16. Bf1 Nh6 17. Ne4 Nf7 18. c5 b6 19. Bc4 Kh8 20. Nd6 Nxd6 21. cxd6
Qd8 22. Nxe5 Nxe5 23. Qd4 Qf6 24. Qxe5 Bf5 25. Rad1 Rad8 26. f4 h5 27. g3 Rd7
28. Bf1 Kg7 29. b4 Rfd8 1-0

[Event "Ballarat Begonia Open"]
[Site "BallaratTechSchool"]
[Date "2020.03.09"]
[Round "7.12"]
[White "Wang, Kayson"]
[Black "Wang, Ruicheng"]
[Result "0-1"]
[WhiteElo "1969"]
[BlackElo "1754"]
[PlyCount "50"]
[EventDate "2020.03.??"]
[EventType "swiss"]
[EventRounds "7"]
[EventCountry "AUS"]
[SourceVersionDate "2020.03.07"]

1. d4 d5 2. c4 c6 3. Nf3 Nf6 4. e3 Bg4 5. h3 Bh5 6. g4 Bg6 7. Ne5 e6 8. Nd2
Nbd7 9. Nxg6 hxg6 10. Bg2 Be7 11. a3 g5 12. b4 Qc7 13. O-O Nf8 14. Re1 Ng6 15.
b5 Nh4 16. bxc6 bxc6 17. Bh1 Ng6 18. Bg2 Nh4 19. Bf1 Ne4 20. Bg2 Nxg2 21. Kxg2
Rxh3 22. Nxe4 Qh2+ 23. Kf1 Qh1+ 24. Ke2 Qxe4 25. Kd2 dxc4 0-1

[Event "Ballarat Begonia Open"]
[Site "BallaratTechSchool"]
[Date "2020.03.09"]
[Round "7.14"]
[White "Ooi, Jayden"]
[Black "Ilic, Nicholas"]
[Result "0-1"]
[WhiteElo "1599"]
[BlackElo "1949"]
[PlyCount "132"]
[EventDate "2020.03.??"]
[EventType "swiss"]
[EventRounds "7"]
[EventCountry "AUS"]
[SourceVersionDate "2020.03.07"]

1. d4 Nf6 2. Bf4 d6 3. Nc3 Nbd7 4. Nf3 c5 5. e3 g6 6. Bc4 Bg7 7. h3 O-O 8. O-O
b6 9. Bh2 Bb7 10. Be2 Rc8 11. Nb5 a6 12. Na3 b5 13. c3 Ne4 14. Nc2 c4 15. Nd2
Nxd2 16. Qxd2 Nf6 17. f3 Bh6 18. Qe1 Nd5 19. Qf2 f5 20. Kh1 Nf6 21. Qh4 Bg7 22.
Rae1 h6 23. Na3 g5 24. Qf2 Qe8 25. Nb1 e5 26. Nd2 Qe6 27. Bd1 Rce8 28. Bc2 Re7
29. Kg1 Qd7 30. e4 f4 31. dxe5 dxe5 32. Rd1 Qc7 33. b3 Rc8 34. bxc4 bxc4 35.
Nxc4 Re6 36. Bb3 Kh7 37. Nb2 Rc6 38. c4 Bf8 39. Kh1 Bc5 40. Qe2 Bd4 41. Nd3 Rd8
42. Nb4 Rc5 43. Nd5 Bxd5 44. cxd5 Qa5 45. Bg1 Nh5 46. Bh2 Rdc8 47. Qd3 Rc3 48.
Qb1 Qa3 49. Rfe1 a5 50. Re2 Rc1 51. Qd3 Rxd1+ 52. Qxd1 Rc1 53. Rd2 Rxd1+ 54.
Rxd1 Ng3+ 55. Bxg3 fxg3 56. h4 gxh4 57. f4 h3 58. Rb1 Qb4 59. Rd1 exf4 60. Bc2
Kg7 61. Rb1 f3 62. gxf3 g2+ 63. Kh2 g1=Q+ 64. Rxg1+ Bxg1+ 65. Kxg1 Qd2 66. d6
Qg2# 0-1

[Event "Ballarat Begonia Open"]
[Site "BallaratTechSchool"]
[Date "2020.03.09"]
[Round "7.26"]
[White "Brown, Greg"]
[Black "Lu, Lillian"]
[Result "1-0"]
[WhiteElo "1369"]
[BlackElo "1908"]
[PlyCount "81"]
[EventDate "2020.03.??"]
[EventType "swiss"]
[EventRounds "7"]
[EventCountry "AUS"]
[SourceVersionDate "2020.03.07"]

1. e4 e5 2. Nf3 Nf6 3. Nxe5 d6 4. Nf3 Nxe4 5. d3 Nf6 6. d4 d5 7. Bd3 Bd6 8. Nc3
c6 9. O-O O-O 10. Ne2 Bg4 11. Ng3 Nbd7 12. h3 Be6 13. Be3 h6 14. Qd2 Bxg3 15.
fxg3 Ne4 16. Bxe4 dxe4 17. Nh4 f5 18. Ng6 Rf6 19. Nf4 Nb6 20. b3 Nd5 21. Nxe6
Rxe6 22. Rxf5 Rg6 23. g4 Qd6 24. c4 Nxe3 25. Qxe3 Re6 26. Raf1 a5 27. Kh1 Re7
28. g5 hxg5 29. Rxg5 a4 30. c5 Qh6 31. bxa4 Rxa4 32. Qb3+ Kh7 33. Rxg7+ Rxg7
34. Qxa4 Qd2 35. Rg1 e3 36. Qd1 Rxg2 37. Qh5+ Kg7 38. Rxg2+ Qxg2+ 39. Kxg2 Kf6
40. Qh6+ Kf5 41. Qxe3 1-0

[Event "Ballarat Begonia Open"]
[Site "BallaratTechSchool"]
[Date "2020.03.09"]
[Round "7.34"]
[White "Healey, Leigh"]
[Black "Archer, Saffron"]
[Result "1/2-1/2"]
[WhiteElo "1412"]
[BlackElo "1683"]
[PlyCount "57"]
[EventDate "2020.03.??"]
[EventType "swiss"]
[EventRounds "7"]
[EventCountry "AUS"]
[SourceVersionDate "2020.03.07"]

1. Nf3 d5 2. d3 e6 3. g3 Bd6 4. Bg2 f5 5. e4 c6 6. O-O Ne7 7. exd5 exd5 8. Re1
O-O 9. Bg5 h6 10. Bd2 Nd7 11. Nc3 Ng6 12. Nd4 Nf6 13. Ne6 Bxe6 14. Rxe6 Qd7 15.
Re1 Qc7 16. Ne2 c5 17. d4 c4 18. Nc3 Ne7 19. Nb5 Qd7 20. Nxd6 Qxd6 21. Bf4 Qd7
22. Qe2 Nc6 23. Be5 Rae8 24. Rad1 Ng4 25. f4 Nf6 26. c3 Ne4 27. Qh5 Qf7 28.
Qxf7+ Kxf7 29. Bf3 1/2-1/2

[Event "Ballarat Begonia Open"]
[Site "BallaratTechSchool"]
[Date "2020.03.09"]
[Round "7.36"]
[White "Van Sebille, Sulia"]
[Black "Brockman, Roland"]
[Result "1-0"]
[WhiteElo "1635"]
[BlackElo "1474"]
[PlyCount "71"]
[EventDate "2020.03.??"]
[EventType "swiss"]
[EventRounds "7"]
[EventCountry "AUS"]
[SourceVersionDate "2020.03.07"]

1. e4 e5 2. Nf3 Nc6 3. Bc4 Bc5 4. c3 Bb6 5. d4 Qe7 6. O-O d6 7. h3 Nf6 8. Re1
O-O 9. Qd3 Kh8 10. Nbd2 a6 11. Bb3 Bd7 12. Nc4 Ba7 13. d5 Nd8 14. Bc2 Ne8 15.
Ne3 Bxe3 16. Bxe3 f5 17. exf5 Bxf5 18. Qe2 Bxc2 19. Qxc2 Nf6 20. c4 b6 21. b4
Nb7 22. Rac1 Nh5 23. Ng5 g6 24. Ne6 Rf7 25. c5 dxc5 26. bxc5 b5 27. Bg5 Qe8 28.
Rxe5 Ng7 29. Nd8 Rxd8 30. Rxe8+ Rxe8 31. Qd3 Nf5 32. g4 Ne7 33. d6 cxd6 34.
cxd6 Ng8 35. Qd4+ Rg7 36. d7 1-0

[Event "Ballarat Begonia Open"]
[Site "BallaratTechSchool"]
[Date "2020.03.09"]
[Round "7.42"]
[White "O'Carroll, Om"]
[Black "Tsagarakis, Angelo"]
[Result "0-1"]
[WhiteElo "1236"]
[BlackElo "1730"]
[PlyCount "74"]
[EventDate "2020.03.??"]
[EventType "swiss"]
[EventRounds "7"]
[EventCountry "AUS"]
[SourceVersionDate "2020.03.07"]

1. e4 g6 2. Nc3 Bg7 3. Bc4 a6 4. Nge2 c5 5. d4 b5 6. Bd5 Ra7 7. e5 e6 8. Be4 f5
9. exf6 Nxf6 10. Bf3 O-O 11. O-O b4 12. Ne4 Nd5 13. Bg5 Qc7 14. Qd2 cxd4 15.
Nxd4 Qc4 16. Rfd1 Nc6 17. Nxc6 Qxc6 18. Rab1 Rc7 19. Rdc1 Bb7 20. Bh6 Qa4 21.
Bxg7 Kxg7 22. Qd4+ Nf6 23. Nc5 Rxc5 24. Qxc5 Bxf3 25. gxf3 Nd5 26. Qd4+ Kg8 27.
b3 Qc6 28. Qe4 Rf4 29. Qe5 Rxf3 30. Re1 Rf5 31. Qg3 Nf4 32. h4 e5 33. Rbc1 Qf6
34. Re4 d5 35. Re3 Nh5 36. Qg2 e4 37. Rce1 Qxh4 0-1